Els Joves de la democràcia : una reflexió sobre els valors des de la ciutat de Sabadell una reflexió sobre els valors des de la ciutat de Sabadell
Descripción Física:
255 p. ; 21 cm
Colección:
Materials de Joventut. Nova etapa ; 12
MARC
| LEADER | 00000nam a2200000Ia 4500 | ||
|---|---|---|---|
| 001 | 12237 | ||
| 008 | 160829s1999 xx 000 0 cat d | ||
| 080 | |a S-1-73 | ||
| 245 | |a Els Joves de la democràcia : |b una reflexió sobre els valors des de la ciutat de Sabadell | ||
| 260 | |a Barcelona : |b Diputació de Barcelona. Oficina del Pla Jove, |c 1999 | ||
| 300 | |a 255 p. ; |c 21 cm | ||
| 490 | |a Materials de Joventut. Nova etapa ; 12 | ||
| 650 | |a Joves |x Treball |x Catalunya |9 38809 | ||
| 650 | |a Joves |x Sabadell |9 37468 | ||
| 650 | 0 | |a Valors socials |9 37469 | |
| 650 | 0 | |a Joves |x Actituds |9 38811 | |
| 710 | 1 | |a Barcelona (Catalunya : Província). |b Oficina del Pla Jove |9 52707 | |
| 901 | |a Arxiu | ||
| 942 | |n 1 | ||
| 952 | |0 0 |1 0 |4 0 |6 S173 |7 1 |9 48615 |a Arxiu |b Arxiu |d 2016-12-01 |l 0 |o S-1-73 |p 12237 |r 2016-12-01 00:00:00 |w 2016-12-01 |y ARXIU | ||
| 999 | |c 52445 |d 52445 | ||